[Event "Lliga Catalana DH"]
[Site "?"]
[Date "2015.02.21"]
[Round "5.10"]
[White "Tallo Dominguez, I."]
[Black "Anguera Maestro, J."]
[Result "1-0"]
[WhiteElo "2340"]
[BlackElo "2197"]
[PlyCount "51"]
[EventDate "2015.??.??"]
[EventType "team"]

1. e4 d5 2. exd5 Qxd5 3. Nc3 Qa5 4. d4 c6 5. Nf3 Nf6 6. Bc4 Bf5 7. Bd2 Qd8 8.
Ne5 e6 9. Qe2 Be7 10. g4 Bg6 11. h4 Qxd4 12. O-O-O Nbd7 13. Nxd7 Nxd7 14. h5
Bxc2 15. Kxc2 Ne5 16. Bb3 Rd8 17. Bc1 Qc5 18. Be3 Qa5 19. Bd4 Nd7 20. h6 Rg8
21. hxg7 Qg5 22. f4 Qxf4 23. Rxh7 Nf6 24. Rh8 Rxd4 25. Rxd4 Qxd4 26. g5 1-0

[Event "Lliga Catalana DH"]
[Site "?"]
[Date "2015.02.21"]
[Round "5.1"]
[White "Guerra Mendez, JA."]
[Black "Beltran Rueda, S."]
[Result "1-0"]
[WhiteElo "2442"]
[BlackElo "2459"]
[PlyCount "99"]
[EventDate "2015.??.??"]
[EventType "team"]

1. e4 c5 2. Nf3 Nc6 3. d4 cxd4 4. Nxd4 g6 5. c4 Nf6 6. Nc3 d6 7. Be2 Nxd4 8.
Qxd4 Bg7 9. Bg5 h6 10. Be3 O-O 11. Qd2 Kh7 12. f3 Be6 13. Rc1 Qa5 14. b3 Rfc8
15. Nb5 Qxd2+ 16. Kxd2 a6 17. Nd4 Bd7 18. g4 Be8 19. h4 Nd7 20. Bd3 Ne5 21. Bb1
Bd7 22. Ke2 Re8 23. h5 g5 24. Nf5 Bf8 25. Rhd1 Bc6 26. Kf2 Rad8 27. Bb6 Rd7 28.
a4 e6 29. Ne3 Kg8 30. Rd2 f6 31. Rcd1 Rf7 32. Kg3 Nd7 33. Bd4 Be7 34. Bc2 a5
35. Nd5 Bd8 36. Kg2 Nc5 37. Nc3 Bc7 38. Nb5 Bxb5 39. cxb5 Rc8 40. Bf2 Nd7 41.
Bd3 Rd8 42. Bc4 Re7 43. Rc2 Nc5 44. Rcd2 b6 45. Bg3 Red7 46. f4 gxf4 47. Bxf4
Kg7 48. Kf3 Nxe4 49. Kxe4 d5+ 50. Kf3 1-0

[Event "Lliga Catalana DH"]
[Site "?"]
[Date "2015.02.21"]
[Round "5.2"]
[White "Lacasa Diaz, JA."]
[Black "Oratovsky, M."]
[Result "0-1"]
[WhiteElo "2426"]
[BlackElo "2530"]
[PlyCount "128"]
[EventDate "2015.??.??"]
[EventType "team"]

1. e4 c5 2. Nf3 e6 3. d4 cxd4 4. Nxd4 a6 5. Nc3 b5 6. Bd3 d6 7. O-O Nf6 8. a4
b4 9. Na2 Qb6 10. Nf3 Nc6 11. Bd2 Be7 12. c3 bxc3 13. Bxc3 O-O 14. Qe1 e5 15.
Nd2 Be6 16. Nc4 Qa7 17. a5 Rab8 18. Kh1 Nd4 19. Nb6 Nb3 20. Nb4 Nxa1 21. Nc6
Qb7 22. Nxb8 Rxb8 23. Qxa1 Nxe4 24. Bb4 Nc5 25. Bxc5 dxc5 26. Qe1 Bd8 27. Qxe5
Bxb6 28. axb6 c4 29. Bf5 Bxf5 30. Qxf5 Qxb6 31. Qf4 Qxb2 32. Qxc4 Qb5 33. Qc1
h6 34. h3 a5 35. Re1 a4 36. Re3 Qf5 37. Rf3 Qb1 38. Qxb1 Rxb1+ 39. Kh2 Rb6 40.
Ra3 Ra6 41. Kg3 f6 42. Kf4 Kf7 43. Ke4 Kg6 44. Kd5 Kf5 45. Rf3+ Kg6 46. Ra3 Ra8
47. Ke6 h5 48. Kd5 h4 49. Ke4 Kg5 50. f4+ Kg6 51. g4 hxg3 52. Rxg3+ Kf7 53. Ra3
Ra5 54. f5 Ke7 55. Kf4 Kd6 56. Kg4 Kc5 57. Kh5 Kb4 58. Rf3 a3 59. Kg6 a2 60.
Rf1 a1=Q 61. Rxa1 Rxa1 62. Kxg7 Ra6 63. h4 Kc5 64. h5 Kd5 0-1

[Event "Lliga Catalana DH"]
[Site "?"]
[Date "2015.02.21"]
[Round "5.3"]
[White "Martinez Alcantara, JE."]
[Black "Fernandez Aguado, E."]
[Result "1-0"]
[WhiteElo "2414"]
[BlackElo "2388"]
[PlyCount "107"]
[EventDate "2015.??.??"]
[EventType "team"]

1. c4 Nf6 2. g3 c6 3. Nf3 d5 4. Bg2 Bf5 5. Qb3 Qb6 6. cxd5 Qxb3 7. axb3 Nxd5 8.
O-O e6 9. d3 Bg4 10. h3 Bh5 11. Na3 Nd7 12. d4 Be7 13. Nc4 O-O 14. Na5 Bxf3 15.
Bxf3 Bf6 16. Nxb7 Bxd4 17. Rd1 Bb6 18. Na5 Rac8 19. Bd2 Ne5 20. Bg2 Rfd8 21.
Nc4 Nxc4 22. bxc4 Ne7 23. Bc3 Rxd1+ 24. Rxd1 c5 25. e3 h6 26. Kf1 Nc6 27. Ra1
Nb4 28. Ke2 Kf8 29. g4 Rd8 30. Be4 Rd7 31. f4 Bd8 32. Ra4 a5 33. Ra1 f6 34. h4
Bc7 35. g5 hxg5 36. hxg5 f5 37. Bf3 Kg8 38. g6 Bd8 39. Be5 Ra7 40. Rd1 Bf6 41.
Rd6 Ra6 42. Rd7 Rb6 43. Rc7 Kf8 44. Rxc5 Bxe5 45. fxe5 Na6 46. Rb5 Rxb5 47.
cxb5 Nb8 48. Bc6 Ke7 49. Kd3 Kd8 50. Kc4 Nd7 51. Bxd7 Kxd7 52. Kc5 Kc7 53. b6+
Kb7 54. Kd6 1-0

[Event "Lliga Catalana DH"]
[Site "?"]
[Date "2015.02.21"]
[Round "5.4"]
[White "Marcet Bisbal, A."]
[Black "Hernando Rodrigo, JA."]
[Result "0-1"]
[WhiteElo "2372"]
[BlackElo "2400"]
[PlyCount "188"]
[EventDate "2015.??.??"]
[EventType "team"]

1. c4 e6 2. d4 Nf6 3. Nc3 Bb4 4. Qc2 d5 5. cxd5 exd5 6. Bg5 h6 7. Bxf6 Qxf6 8.
a3 Bxc3+ 9. Qxc3 O-O 10. e3 Bf5 11. Nf3 Nd7 12. Be2 Rac8 13. O-O Rfe8 14. Rfc1
c6 15. b4 Nf8 16. b5 Ng6 17. bxc6 bxc6 18. Ba6 Rc7 19. Qa5 Rce7 20. Qa4 Bd7 21.
Rc5 Rb8 22. Qc2 Rb6 23. Bd3 Bg4 24. Ne1 Reb7 25. Bxg6 fxg6 26. Nd3 Bf5 27. Rc1
Be4 28. Qd2 Bxd3 29. Qxd3 Rb2 30. Qf1 R7b6 31. R5c2 Qf8 32. Rxc6 Qxa3 33. Rc8+
Kh7 34. Ra1 Ra2 35. Rac1 Rf6 36. R8c2 Rb6 37. Rxa2 Qxa2 38. Ra1 Qc2 39. Qd1 Qf5
40. Qc1 a6 41. h3 Qd3 42. Kh2 Qe2 43. Qc5 Rf6 44. Qxd5 Rxf2 45. Ra3 Rf1 46. Qa5
Qd1 47. Ra2 Rh1+ 48. Kg3 Qg1 49. Qd2 Qh2+ 50. Kf3 Qd6 51. Ra5 Rf1+ 52. Ke2 Qf6
53. Kd3 Rf2 54. Qb4 Rxg2 55. Qb7 Qf1+ 56. Ke4 Rd2 57. Qxa6 Qb1+ 58. Kd5 Qb3+
59. Qc4 Qxe3 60. Rc5 Qxh3 61. Kd6 Qg3+ 62. Kc6 Qb8 63. Kd7 Qa7+ 64. Kd6 Rf2 65.
Rc7 Qb6+ 66. Kd7 Rf4 67. Rc5 Qa7+ 68. Ke8 Re4+ 69. Kd8 Qe7+ 70. Kc8 Qf8+ 71.
Kb7 Re7+ 72. Rc7 Re1 73. d5 Rb1+ 74. Kc6 Qa8+ 75. Kd7 Re1 76. Rc8 Qa7+ 77. Rc7
Qe3 78. Rc8 Qe7+ 79. Kc6 Re4 80. Qc5 Qf6+ 81. d6 Qe6 82. Kb7 Qb3+ 83. Kc6 Qa4+
84. Kd5 Re1 85. Qc4 Qd7 86. Rc6 Qf5+ 87. Kd4 Re4+ 88. Kc3 Rxc4+ 89. Kxc4 h5 90.
Rc7 h4 91. Re7 Qc2+ 92. Kd5 Qd3+ 93. Kc5 h3 94. Re5 h2 0-1

[Event "Lliga Catalana DH"]
[Site "?"]
[Date "2015.02.21"]
[Round "5.5"]
[White "Escandell Mari, JC."]
[Black "Ayas Fernandez, A."]
[Result "1/2-1/2"]
[WhiteElo "2386"]
[BlackElo "2341"]
[PlyCount "72"]
[EventDate "2015.??.??"]
[EventType "team"]

1. e4 e6 2. d4 d5 3. Nc3 Bb4 4. exd5 exd5 5. Bd3 Nf6 6. Nge2 O-O 7. O-O Bg4 8.
f3 Bh5 9. Ng3 Bg6 10. Nf5 c5 11. dxc5 Nbd7 12. Ne2 Bxc5+ 13. Kh1 Ne5 14. Neg3
Qd7 15. Nh4 Rfe8 16. Nxg6 hxg6 17. Bf4 Rac8 18. Qd2 Bd6 19. Be3 Nxd3 20. cxd3
Bxg3 21. hxg3 Nh5 22. Bf2 Qd6 23. g4 Nf4 24. Rfe1 g5 25. Be3 d4 26. Bxf4 gxf4
27. Re4 Rxe4 28. fxe4 g5 29. Rc1 Rxc1+ 30. Qxc1 Qe6 31. Qc5 Qxg4 32. Qxd4 Qh4+
33. Kg1 Qe1+ 34. Kh2 Qh4+ 35. Kg1 Qe1+ 36. Kh2 Qh4+ 1/2-1/2

[Event "Lliga Catalana DH"]
[Site "?"]
[Date "2015.02.21"]
[Round "5.6"]
[White "Escobar Torres, A."]
[Black "Bru Rullo, L."]
[Result "0-1"]
[WhiteElo "2261"]
[BlackElo "2261"]
[PlyCount "110"]
[EventDate "2015.??.??"]
[EventType "team"]

1. e4 e5 2. Nf3 Nc6 3. Bb5 a6 4. Bxc6 dxc6 5. d4 exd4 6. Qxd4 Qxd4 7. Nxd4 Bd7
8. Nc3 O-O-O 9. Be3 Bd6 10. O-O-O Ne7 11. Nb3 Kb8 12. Nc5 Bc8 13. h3 Ng6 14.
Nd3 b6 15. Rd2 Rde8 16. Re2 c5 17. f3 c4 18. Nf2 Nf4 19. Bxf4 Bxf4+ 20. Kb1 c6
21. Ng4 b5 22. a3 a5 23. Ree1 Rd8 24. Rd1 f5 25. exf5 Bxf5 26. Nf2 Kc7 27. Nce4
b4 28. axb4 axb4 29. Rxd8 Rxd8 30. Rd1 Rd5 31. b3 Rxd1+ 32. Nxd1 Bxe4 33. fxe4
c3 34. Nf2 Be3 35. Nd3 c5 36. Ne5 Bd2 37. Nd3 Kd6 38. e5+ Kd5 39. Ka2 Be3 40.
Kb1 h6 41. Ka2 Bd4 42. Kb1 Bxe5 43. Kc1 Kd4 44. Kd1 Bd6 45. Ke2 Be7 46. Nf4 Bf6
47. Ne6+ Kd5 48. Nf4+ Ke4 49. Nd3 Be7 50. g3 Bd6 51. Nf2+ Kd4 52. g4 c4 53.
bxc4 Kxc4 54. Nd3 b3 55. cxb3+ Kxb3 0-1

[Event "Lliga Catalana DH"]
[Site "?"]
[Date "2015.02.21"]
[Round "5.7"]
[White "Castellet Giralt, G."]
[Black "Maroto Borras, JL."]
[Result "1-0"]
[WhiteElo "2286"]
[BlackElo "2205"]
[PlyCount "56"]
[EventDate "2015.??.??"]
[EventType "team"]

1. d4 e6 2. c4 b6 3. Nc3 Bb7 4. e3 Nf6 5. Nge2 c5 6. d5 exd5 7. cxd5 d6 8. Ng3
g6 9. Be2 Bg7 10. e4 O-O 11. O-O Na6 12. Bg5 Nc7 13. Qd2 Qd7 14. Qf4 Nce8 15.
Rfd1 a6 16. a4 h5 17. Qh4 Nh7 18. Be7 Bf6 19. Bxf6 Nexf6 20. Qf4 Rae8 21. f3
Bc8 22. Nf1 g5 23. Qd2 g4 24. Ne3 gxf3 25. Bxf3 Qe7 26. Nc4 Ng4 27. Bxg4 Bxg4
28. Re1 Rb8 1-0

[Event "Lliga Catalana DH"]
[Site "?"]
[Date "2015.02.21"]
[Round "5.8"]
[White "Draghici Flutor, G."]
[Black "Garcia Acosta, R."]
[Result "0-1"]
[WhiteElo "2191"]
[BlackElo "2216"]
[PlyCount "88"]
[EventDate "2015.??.??"]
[EventType "team"]

1. e4 e5 2. Bc4 Nc6 3. d3 Nf6 4. Nc3 Bc5 5. f4 d6 6. Nf3 Ng4 7. Ng5 O-O 8. f5
Bf2+ 9. Kf1 Ne3+ 10. Bxe3 Bxe3 11. Nxf7 Rxf7 12. Qh5 Qf8 13. Ke2 Bc5 14. a3
Nd4+ 15. Kd2 c6 16. Bxf7+ Qxf7 17. Qxf7+ Kxf7 18. Na4 Bb6 19. Nxb6 axb6 20.
Raf1 c5 21. g4 Bd7 22. c3 Nc6 23. g5 b5 24. g6+ Kf6 25. gxh7 Rh8 26. Rhg1 Be8
27. Rf2 Rxh7 28. Rfg2 Ne7 29. Rf2 d5 30. b3 Bf7 31. Rb1 Rh4 32. Ke3 Be8 33.
exd5 Nxd5+ 34. Kd2 Bc6 35. Re1 Nf4 36. Rg1 Bd7 37. b4 cxb4 38. axb4 Bxf5 39.
Rg3 g5 40. d4 e4 41. Re3 Ke6 42. Rg3 Kf6 43. c4 bxc4 44. Rc3 Nd5 0-1

[Event "Lliga Catalana DH"]
[Site "?"]
[Date "2015.02.21"]
[Round "5.9"]
[White "Valencia Jimenez, J."]
[Black "Catalan Escale, E."]
[Result "1-0"]
[WhiteElo "2185"]
[BlackElo "2100"]
[PlyCount "43"]
[EventDate "2015.??.??"]
[EventType "team"]

1. Nf3 d5 2. d4 Nf6 3. c4 c6 4. cxd5 cxd5 5. Nc3 Nc6 6. Bf4 a6 7. e3 Bg4 8. Qb3
Bxf3 9. gxf3 Na5 10. Qa4+ Nc6 11. Rc1 e6 12. Rg1 Nh5 13. Bg5 Be7 14. Bxe7 Qxe7
15. Nxd5 exd5 16. Rxc6 Qd7 17. Bb5 axb5 18. Qxa8+ Ke7 19. Qa3+ b4 20. Qxb4+ Ke8
21. Rd6 Qc7 22. Qc5 1-0

[Event "Lliga Catalana DH"]
[Site "?"]
[Date "2015.02.21"]
[Round "5.10"]
[White "Gonzalez Alonso, F."]
[Black "Comallonga Fernandez, J."]
[Result "1/2-1/2"]
[WhiteElo "1979"]
[BlackElo "2166"]
[PlyCount "55"]
[EventDate "2015.??.??"]
[EventType "team"]

1. d4 Nf6 2. Nf3 e6 3. Bf4 b6 4. h3 Bb7 5. e3 Be7 6. Be2 d6 7. c3 Nbd7 8. O-O
O-O 9. Nbd2 c5 10. Nc4 Ne4 11. Nfd2 Ndf6 12. Nxe4 Nxe4 13. f3 Nf6 14. dxc5 dxc5
15. Qxd8 Rfxd8 16. e4 Ba6 17. Rfd1 Ne8 18. Kf2 h6 19. Na3 Bxe2 20. Kxe2 f6 21.
Rxd8 Rxd8 22. Rd1 e5 23. Rxd8 Bxd8 24. Be3 Kf7 25. Bf2 Ke6 26. g4 Nd6 27. Nc2
a6 28. Ne3 1/2-1/2

[Event "Lliga Catalana DH"]
[Site "?"]
[Date "2015.02.21"]
[Round "5.1"]
[White "Muñoz Pantoja, MA."]
[Black "Bachmann Schiavo, A."]
[Result "0-1"]
[WhiteElo "2475"]
[BlackElo "2645"]
[PlyCount "94"]
[EventDate "2015.??.??"]
[EventType "team"]

1. e4 c5 2. Nf3 e6 3. g3 Nc6 4. Bg2 Nf6 5. d3 d5 6. exd5 exd5 7. O-O Be7 8. d4
O-O 9. Nc3 h6 10. h3 Bf5 11. Be3 Nb4 12. Ne1 c4 13. g4 Bh7 14. a3 Na6 15. f4
Re8 16. Qc1 h5 17. g5 Ne4 18. Nxe4 Bxe4 19. Bxe4 dxe4 20. f5 Nc7 21. f6 Bd6 22.
fxg7 Qd7 23. Kg2 Nd5 24. c3 Bc7 25. Nc2 Qd6 26. Rf2 Qh2+ 27. Kf1 Qxh3+ 28. Ke2
Bg3 29. Qf1 Qg4+ 30. Kd2 Bxf2 31. Qxf2 Qf3 32. Qg1 h4 33. Rf1 Qh5 34. Rf5 Rad8
35. Qf2 h3 36. g6 Qxg6 37. Qh4 f6 38. Qxh3 Kxg7 39. Rf2 Kf7 40. Nb4 Rh8 41. Qf1
Nxe3 42. Kxe3 Qg3+ 43. Ke2 Rh2 44. Rxh2 Qxh2+ 45. Ke3 Qg3+ 46. Kxe4 Re8+ 47.
Kd5 a5 0-1

[Event "Lliga Catalana DH"]
[Site "?"]
[Date "2015.02.21"]
[Round "5.2"]
[White "Vocaturo, D."]
[Black "Pablo Mari, A."]
[Result "1-0"]
[WhiteElo "2585"]
[BlackElo "2442"]
[PlyCount "93"]
[EventDate "2015.??.??"]
[EventType "team"]

1. d4 f5 2. c4 Nf6 3. Nc3 e6 4. e3 Bb4 5. Qc2 O-O 6. Bd3 b6 7. Nge2 Bb7 8. f3
c5 9. a3 Bxc3+ 10. Qxc3 Qc7 11. O-O Nc6 12. b4 Rae8 13. Bb2 d6 14. Rad1 Rf7 15.
Bb1 cxb4 16. axb4 a5 17. b5 Nb8 18. d5 exd5 19. Bxf5 Nbd7 20. Nf4 Rfe7 21. cxd5
Qxc3 22. Bxc3 Rxe3 23. Bd4 Rb3 24. Rfe1 Rxe1+ 25. Rxe1 Rb4 26. Bxf6 Nxf6 27.
Re7 Rxf4 28. Be6+ Kf8 29. Rxb7 a4 30. Rxb6 Rb4 31. Rb8+ Ke7 32. Rb7+ Ke8 33. b6
a3 34. Ra7 Rxb6 35. Rxa3 Rb4 36. Kf2 Rb2+ 37. Kg3 Nh5+ 38. Kh4 Nf4 39. Ra8+ Ke7
40. Ra7+ Ke8 41. g4 Nxe6 42. dxe6 Rxh2+ 43. Kg3 Re2 44. Rxg7 Rxe6 45. Rxh7 Kf8
46. f4 Re1 47. f5 1-0

[Event "Lliga Catalana DH"]
[Site "?"]
[Date "2015.02.21"]
[Round "5.3"]
[White "Pomes Marcet, J."]
[Black "Valdes Romero, L."]
[Result "1/2-1/2"]
[WhiteElo "2397"]
[BlackElo "2472"]
[PlyCount "141"]
[EventDate "2015.??.??"]
[EventType "team"]

1. d4 Nf6 2. c4 g6 3. Nc3 Bg7 4. Nf3 O-O 5. Bg5 d6 6. e3 c5 7. Be2 h6 8. Bh4
Bf5 9. O-O Nbd7 10. h3 g5 11. Bg3 Ne4 12. Nxe4 Bxe4 13. Qd2 f5 14. Rfd1 b6 15.
b4 Rc8 16. Rac1 Qe8 17. Ne1 cxd4 18. exd4 f4 19. Bh2 Qf7 20. Bg4 Bf5 21. c5
Bxg4 22. hxg4 dxc5 23. dxc5 Ne5 24. Qe2 bxc5 25. bxc5 Qe6 26. f3 Rf6 27. Kf1
Qa6 28. Bg1 Qxe2+ 29. Kxe2 Re6 30. Kf1 Ra6 31. Rd2 Ra4 32. Rb1 Nc4 33. Re2 Rd8
34. c6 Rc8 35. Rb7 Bf6 36. Rxa7 Rxa7 37. Bxa7 Rxc6 38. Rc2 Kf7 39. a4 Ke6 40.
Re2+ Kd7 41. Nd3 Kc8 42. Bf2 Kb8 43. Nc5 Kc8 44. Rc2 Na5 45. Rd2 Bc3 46. Rd3
Bb4 47. Nb3 Nc4 48. Rd4 e5 49. Rd5 Ra6 50. Nc5 Ra5 51. Ke2 Kc7 52. Ne6+ Kc6 53.
Rxa5 Nxa5 54. Be1 Bxe1 55. Kxe1 Nc4 56. Ng7 Kc5 57. Nf5 Kb4 58. Nxh6 Kxa4 59.
Nf7 Kb5 60. Nxg5 Kc5 61. Kf2 Kd5 62. g3 Nb2 63. Nh3 fxg3+ 64. Kxg3 Nd3 65. Ng5
Nf4 66. Kh4 Ng2+ 67. Kh5 Ne1 68. Kh6 Kd4 69. Kg6 Ke3 70. Kf5 Nxf3 71. Nxf3
1/2-1/2

[Event "Lliga Catalana DH"]
[Site "?"]
[Date "2015.02.21"]
[Round "5.4"]
[White "Garriga Cazorla, P."]
[Black "Ubach Miralda, M."]
[Result "1-0"]
[WhiteElo "2416"]
[BlackElo "2391"]
[PlyCount "51"]
[EventDate "2015.??.??"]
[EventType "team"]

1. Nf3 d5 2. g3 Nf6 3. Bg2 c6 4. c4 dxc4 5. a4 Bf5 6. Na3 e6 7. Nxc4 Bb4 8. O-O
O-O 9. a5 Be4 10. Qb3 c5 11. d3 Bd5 12. e4 Bc6 13. Nfe5 Bb5 14. Be3 Nc6 15.
Nxc6 bxc6 16. h3 Qe7 17. Rfd1 Rfd8 18. f4 Rab8 19. Qc2 Qb7 20. g4 Qa6 21. f5
Bxc4 22. dxc4 Rxd1+ 23. Rxd1 Qxa5 24. e5 Ne8 25. fxe6 fxe6 26. Qf2 1-0

[Event "Lliga Catalana DH"]
[Site "?"]
[Date "2015.02.21"]
[Round "5.5"]
[White "Simon Padros, E."]
[Black "Fernandez Diaz, C."]
[Result "0-1"]
[WhiteElo "2327"]
[BlackElo "2336"]
[PlyCount "90"]
[EventDate "2015.??.??"]
[EventType "team"]

1. e4 c5 2. Nc3 Nc6 3. g3 g6 4. Bg2 Bg7 5. f4 d6 6. d3 e6 7. Nf3 Nge7 8. O-O
O-O 9. Be3 b6 10. Bf2 Qc7 11. Qd2 d5 12. e5 a6 13. Ne2 d4 14. Ng5 Bb7 15. Ne4
Nb4 16. c3 dxc3 17. bxc3 Bxe4 18. Bxe4 Nbc6 19. Rab1 Rab8 20. Qc2 Rfd8 21. g4
Nd5 22. d4 cxd4 23. cxd4 Qd7 24. Qd2 Rdc8 25. Bd3 b5 26. a4 bxa4 27. Bxa6 Rxb1
28. Rxb1 Rb8 29. Rxb8+ Nxb8 30. Bc4 Nb6 31. Qb4 Qc7 32. Ba2 Bf8 33. Qd2 Nc6 34.
f5 Nd5 35. fxe6 fxe6 36. Nf4 Nxf4 37. Qxf4 Qf7 38. Qe3 Nb4 39. Bc4 Nd5 40. Bxd5
exd5 41. e6 Qf6 42. g5 Qg7 43. Bg3 a3 44. Be5 Qe7 45. Qe2 Qxg5+ 0-1

[Event "Lliga Catalana DH"]
[Site "?"]
[Date "2015.02.21"]
[Round "5.6"]
[White "Amores Gago, J."]
[Black "Armengol Comas, J."]
[Result "1/2-1/2"]
[WhiteElo "2294"]
[BlackElo "2320"]
[PlyCount "61"]
[EventDate "2015.??.??"]
[EventType "team"]

1. e4 c5 2. Nc3 e6 3. Nge2 a6 4. a4 Nc6 5. g3 d5 6. exd5 exd5 7. d4 Bg4 8. Be3
Bf3 9. Rg1 Nf6 10. dxc5 Qa5 11. Qd3 Be4 12. Qd2 Nb4 13. Nd4 Bxc5 14. Nb3 Bxe3
15. fxe3 Qb6 16. Nd4 Rc8 17. Bg2 O-O 18. Ra3 Rc4 19. Bxe4 dxe4 20. Nce2 Nfd5
21. Kf2 Rfc8 22. Rc1 Qc7 23. h3 g6 24. Rb3 Qd7 25. Kg2 Qxa4 26. Ra3 Qd7 27. b3
Rxc2 28. Nxc2 Nxc2 29. Kg1 Nxa3 30. Rxc8+ Qxc8 31. Qxd5 1/2-1/2

[Event "Lliga Catalana DH"]
[Site "?"]
[Date "2015.02.21"]
[Round "5.7"]
[White "Sadrija, E."]
[Black "Montilla Carrillo, E."]
[Result "0-1"]
[WhiteElo "2278"]
[BlackElo "2295"]
[PlyCount "102"]
[EventDate "2015.??.??"]
[EventType "team"]

1. d4 d5 2. c4 e6 3. Nc3 c6 4. e4 dxe4 5. Nxe4 Bb4+ 6. Nc3 c5 7. Be3 cxd4 8.
Qxd4 Qxd4 9. Bxd4 f6 10. a3 Bxc3+ 11. Bxc3 Ne7 12. Nf3 e5 13. h3 Be6 14. O-O-O
Nd7 15. Nd2 O-O-O 16. Ne4 Kc7 17. b3 Nb6 18. Be2 Nc6 19. Nc5 Bf7 20. Bf3 Rxd1+
21. Rxd1 Rd8 22. Be4 Rxd1+ 23. Kxd1 h6 24. Kd2 Nc8 25. Ke3 Nd6 26. Bc2 b6 27.
Na6+ Kb7 28. Nb4 Ne7 29. a4 a5 30. Na2 Kc6 31. Bb2 Bxc4 32. bxc4 Nxc4+ 33. Kd3
Nxb2+ 34. Kc3 Nxa4+ 35. Bxa4+ b5 36. Bc2 Kc5 37. Nc1 Nd5+ 38. Kb3 a4+ 39. Ka3
Kd4 40. Ne2+ Kc4 41. Bf5 Nb6 42. Be6+ Kc5 43. Kb2 b4 44. Kc2 Nc4 45. Ng3 Na3+
46. Kd3 b3 47. Ne4+ Kb4 48. Nd2 Nc2 49. Bd5 Nd4 50. f4 a3 51. fxe5 fxe5 0-1

[Event "Lliga Catalana DH"]
[Site "?"]
[Date "2015.02.21"]
[Round "5.8"]
[White "Morros Faura, R."]
[Black "Garcia Rubio, JA."]
[Result "1/2-1/2"]
[WhiteElo "2289"]
[BlackElo "2215"]
[PlyCount "72"]
[EventDate "2015.??.??"]
[EventType "team"]

1. e4 c5 2. Nf3 d6 3. d4 cxd4 4. Nxd4 Nf6 5. Nc3 g6 6. Be3 Bg7 7. f3 Nc6 8. Qd2
O-O 9. Bc4 Nxd4 10. Bxd4 Qa5 11. O-O-O Be6 12. Bb3 Bxb3 13. cxb3 Rac8 14. Kb1
e6 15. Bxf6 Bxf6 16. Nd5 Qd8 17. Nxf6+ Qxf6 18. Qxd6 Rfd8 19. Qb4 Qg5 20. Qxb7
Qxg2 21. Rxd8+ Rxd8 22. Rc1 Qxf3 23. a4 Qf2 24. Rc8 Rxc8 25. Qxc8+ Kg7 26. Qc3+
Kh6 27. Ka2 f5 28. Qf6 Qb6 29. Qh4+ Kg7 30. e5 a5 31. Qe7+ Kh6 32. Qd6 Qe3 33.
Qxe6 f4 34. Qf6 f3 35. Qh4+ Kg7 36. Qe7+ Kh6 1/2-1/2

[Event "Lliga Catalana DH"]
[Site "?"]
[Date "2015.02.21"]
[Round "5.9"]
[White "Del Amo Carbo, J."]
[Black "Bals Hernandez, J."]
[Result "1-0"]
[WhiteElo "2207"]
[BlackElo "2264"]
[PlyCount "99"]
[EventDate "2015.??.??"]
[EventType "team"]

1. d4 Nf6 2. c4 g6 3. Nc3 Bg7 4. e4 d6 5. Bd3 O-O 6. Nge2 e5 7. d5 Nh5 8. Be3
f5 9. f3 Nd7 10. Bc2 Qh4+ 11. Bf2 Qg5 12. Rg1 a6 13. Qd2 Qe7 14. a4 f4 15. b4
g5 16. Nc1 Nhf6 17. h3 b6 18. Nb3 Rb8 19. Bd3 Bb7 20. a5 Rfc8 21. Ke2 Bf8 22.
Rgb1 Qd8 23. b5 axb5 24. cxb5 bxa5 25. Nxa5 Nc5 26. Bxc5 dxc5 27. Bc4 Bd6 28.
b6 cxb6 29. Nxb7 Rxb7 30. Ba6 Rcb8 31. Bxb7 Rxb7 32. Nb5 Bf8 33. Ra6 Nh5 34. d6
Nf6 35. Rd1 Qd7 36. Qa2+ Kg7 37. Qc4 Qc6 38. Ra7 Rxa7 39. Nxa7 Qd7 40. Nb5 Kg6
41. Ra1 Bxd6 42. Rd1 Ne8 43. Qd3 c4 44. Qxd6+ Nxd6 45. Rxd6+ Qxd6 46. Nxd6 c3
47. Kd3 h5 48. Kxc3 g4 49. Kc4 Kg5 50. Nf5 1-0

[Event "Lliga Catalana DH"]
[Site "?"]
[Date "2015.02.21"]
[Round "5.10"]
[White "Garcia Marin, G."]
[Black "Llados Peiro, JM."]
[Result "1-0"]
[WhiteElo "2215"]
[BlackElo "2195"]
[PlyCount "75"]
[EventDate "2015.??.??"]
[EventType "team"]

1. d4 f5 2. Nc3 d5 3. Bg5 g6 4. h4 Nf6 5. Bxf6 exf6 6. e3 Be6 7. Bd3 c6 8. Qf3
Qd7 9. Nge2 Na6 10. a3 Nc7 11. Nf4 Bf7 12. Qh3 O-O-O 13. O-O-O Ne6 14. Nce2 Bd6
15. g3 Qe7 16. Kb1 Kb8 17. Qg2 g5 18. hxg5 fxg5 19. Nxe6 Qxe6 20. Qf3 Bg6 21.
Rh6 Rhf8 22. Qg2 Rf6 23. Qh2 f4 24. Bxg6 fxe3 25. fxe3 hxg6 26. Rd3 Rdf8 27.
Rh8 Qe8 28. Rxf8 Qxf8 29. Nc3 Rf1+ 30. Ka2 Rf2 31. Qh7 Rxc2 32. Na4 Rc1 33. Rb3
b5 34. Qxg6 Ka8 35. Nc5 Bxc5 36. Qxc6+ Kb8 37. Rxb5+ Bb6 38. Qxc1 1-0

[Event "Lliga Catalana DH"]
[Site "?"]
[Date "2015.02.21"]
[Round "5.1"]
[White "Cuartas Medina, JA."]
[Black "Dvirnyy, D."]
[Result "1/2-1/2"]
[WhiteElo "2541"]
[BlackElo "2582"]
[PlyCount "104"]
[EventDate "2015.??.??"]
[EventType "team"]

1. e4 d6 2. d4 Nf6 3. Nc3 e5 4. Nf3 Nbd7 5. Bc4 Be7 6. O-O O-O 7. Re1 c6 8. a4
exd4 9. Qxd4 Ne5 10. Be2 Nfd7 11. Bf4 Qc7 12. Rad1 Rd8 13. Qd2 a6 14. Nd4 Nf6
15. Nf5 Bxf5 16. exf5 d5 17. Bxa6 Bd6 18. Be2 Nf3+ 19. Bxf3 Bxf4 20. Qd4 Bxh2+
21. Kf1 Bd6 22. b3 Re8 23. g3 h6 24. Re2 Qa5 25. Rxe8+ Rxe8 26. Ne2 Bc5 27. Qd2
Qxd2 28. Rxd2 Re5 29. g4 h5 30. Nf4 hxg4 31. Nd3 Rxf5 32. Bxg4 Nxg4 33. Nxc5 b6
34. Nd7 Nf6 35. Nxf6+ Rxf6 36. Rd4 Kf8 37. Rb4 c5 38. Rb5 Rc6 39. a5 bxa5 40.
Rxa5 Ke7 41. Ke2 Ke6 42. c3 g5 43. c4 dxc4 44. bxc4 Ke5 45. Ke3 g4 46. Ra7 f5
47. Rd7 f4+ 48. Ke2 Rd6 49. Rg7 f3+ 50. Ke3 Rd4 51. Rg5+ Kd6 52. Rxc5 Kxc5
1/2-1/2

[Event "Lliga Catalana DH"]
[Site "?"]
[Date "2015.02.21"]
[Round "5.2"]
[White "Rodriguez Cespedes, A."]
[Black "Matnadze, A."]
[Result "1/2-1/2"]
[WhiteElo "2463"]
[BlackElo "2499"]
[PlyCount "55"]
[EventDate "2015.??.??"]
[EventType "team"]

1. e4 c6 2. d4 d5 3. Nd2 dxe4 4. Nxe4 Nf6 5. Nxf6+ gxf6 6. Ne2 Bg4 7. Qd3 Bh5
8. Qb3 Qb6 9. Qh3 Bxe2 10. Bxe2 Nd7 11. Bh5 Qa5+ 12. Bd2 Qd5 13. O-O O-O-O 14.
c4 Qxc4 15. d5 Qxd5 16. Rfd1 Rg8 17. Be3 Qe6 18. Qxe6 fxe6 19. Bf7 Rg4 20. Bxe6
Re4 21. Bf5 Re5 22. Bxh7 e6 23. Bc2 Bc5 24. Bxc5 Nxc5 25. Rxd8+ Kxd8 26. Kf1
Rh5 27. h3 Ke7 28. Re1 1/2-1/2

[Event "Lliga Catalana DH"]
[Site "?"]
[Date "2015.02.21"]
[Round "5.3"]
[White "Exposito Amaro, J."]
[Black "Alarcon Casellas, R."]
[Result "0-1"]
[WhiteElo "2436"]
[BlackElo "2503"]
[PlyCount "112"]
[EventDate "2015.??.??"]
[EventType "team"]

1. e4 c5 2. Nc3 e6 3. f4 a6 4. Nf3 Nc6 5. d4 cxd4 6. Nxd4 Qc7 7. Nxc6 bxc6 8.
Bd3 d5 9. O-O Nf6 10. e5 Nd7 11. b3 Nc5 12. Bb2 g6 13. Qg4 a5 14. Kh1 a4 15.
Qh3 Nxd3 16. cxd3 axb3 17. axb3 Rxa1 18. Bxa1 Ba3 19. Qe3 O-O 20. h3 Rd8 21.
Ne2 c5 22. Ng3 d4 23. Qe2 Bb7 24. Bb2 Bxb2 25. Qxb2 Bd5 26. Rc1 Qe7 27. Kh2 Rb8
28. Qc2 Rb5 29. Ne4 Bxe4 30. dxe4 Qb7 31. Qc4 Qxe4 32. Rf1 Qc6 33. Rf3 Rb4 34.
Qd3 Qd5 35. Qd1 Kg7 36. h4 h5 37. Qd3 c4 38. bxc4 Rxc4 39. Qa3 Rc2 40. Rg3 Qd8
41. Kh3 Qc7 42. Qb4 Rc1 43. Kh2 Qd8 44. Rh3 Rc2 45. Qb3 Rf2 46. Kg3 Rd2 47. Kh2
Qa8 48. Rg3 Rf2 49. Rf3 Rxf3 50. gxf3 Qa5 51. Kg2 Qd2+ 52. Kg3 d3 53. f5 gxf5
54. Qb7 f4+ 55. Kh3 Qe1 56. Kg2 d2 0-1